000 00926nam a2200313 a 4500
001 000108438
003 CHAP
005 20220329144012.0
008 140212s2012 it a |r| ||||||fre d
010 _a104900
011 _a105872
020 _a9789252062028
040 _cCHAP
082 0 4 _a639.2
_bF3f v.517
245 1 0 _aPratiques de sécurité liées à la stabilité des pestits navires de pêche /
_cpor Ari Gudmundsson.
260 _aRoma :
_bFAO,
_c2012.
300 _avi, 54 p. :
_bil.
490 1 _aDocumento técnico de pesca
_v; 517
590 _aE5995AHE
_b06
_c20140212
_lUCH01
_h1333
650 1 4 _aConstrucción de barcos.
_927390
650 1 4 _aPesca
_xEmbarcaciones.
_987376
650 1 4 _aRiesgos.
_997403
650 1 4 _aSeguridad industrial.
_9103675
700 1 _aGudmundsson, Ari
_951089
830 0 0 _aDocumento técnico de pesca
_v; 517
_933242
901 _aBK
942 _cLIBRO
942 _n0
999 _c104900
_d104900